Agni Yugr Ferari (Record no. 39648)
[ view plain ]
| 000 -LEADER | |
|---|---|
| fixed length control field | 00230nam a22000977a 4500 |
| 008 - FIXED-LENGTH DATA ELEMENTS--GENERAL INFORMATION | |
| fixed length control field | 240625b |||||||| |||| 00| 0 eng d |
| 100 ## - MAIN ENTRY--PERSONAL NAME | |
| Personal name | Moulik K. |
| 245 ## - TITLE STATEMENT | |
| Title | Agni Yugr Ferari |
| 260 ## - PUBLICATION, DISTRIBUTION, ETC. | |
| Name of publisher | A.Mukherjee; |
| Year of publication | 1964. |
| 942 ## - ADDED ENTRY ELEMENTS (KOHA) | |
| Koha item type | Books |
| Accession Number | Lost status | Damaged status | Price effective from | Koha item type | Not for loan | Withdrawn status | Home library | Current library | Shelving location | Date acquired | Source of acquisition | Cost, normal purchase price |
|---|---|---|---|---|---|---|---|---|---|---|---|---|
| 9950 | 01/04/2023 | Books | Withdrawn | RCL | RCL | General Stacks | 01/04/2023 | DDC | 7.00 |


